[Event "WchT Seniors 65"]
[Site "Prague"]
[Date "2020.03.11"]
[Round "6.4"]
[White "Fritsch, Juergen"]
[Black "Fitzke, Ulrich"]
[Result "0-1"]
[WhiteElo "1793"]
[BlackElo "1803"]
[PlyCount "134"]
[EventDate "2020.03.06"]
[EventType "team-swiss"]
[EventRounds "7"]
[EventCountry "CZE"]
[SourceTitle "CBM 195 Extra"]
[Source "ChessBase"]
[SourceDate "2020.05.31"]
[SourceVersion "1"]
[SourceVersionDate "2020.05.31"]
[SourceQuality "1"]
[WhiteTeam "Germany 65 XI"]
[BlackTeam "Germany 65 X"]
[WhiteTeamCountry "GER"]
[BlackTeamCountry "GER"]

1. d4 d5 2. Bf4 e6 3. e3 Bd6 4. c3 Bxf4 5. exf4 Nf6 6. Nd2 Qd6 7. g3 c5 8. Ngf3 cxd4 9. cxd4 Nc6 10. Nb3 0-0 11. Bd3 b6 12. Ne5 Nb4 13. a3 Nxd3+ 14. Nxd3 Ba6 15. 0-0 Rac8 16. Re1 Rc7 17. Rc1 Rfc8 18. Rxc7 Rxc7 19. f3 Qc6 20. Nb4 Qb7 21. Nd2 Bc4 22. b3 Bb5 23. a4 Bd7 24. Nd3 a5 25. Qb1 Ne8 26. Rc1 Nd6 27. g4 Qc8 28. Kf2 Rxc1 29. Qxc1 Qxc1 30. Nxc1 b5 31. axb5 Nxb5 32. Ke3 Na3 33. Ne2 Bb5 34. b4 axb4 35. Nb3 Bc4 36. Nec1 Kf8 37. f5 exf5 38. gxf5 Ke7 39. Kf4 Kf6 40. h4 h5 41. Nc5 Nc2 42. N1b3 Bb5 43. Nb7 Bc4 44. N7c5 Ne1 45. Nd7+ Ke7 46. Ndc5 Nd3+ 47. Ke3 Nxc5 48. Nxc5 Kf6 49. Kf4 b3 50. Na4 Bd3 51. Nb2 Bxf5 52. Na4 Bd3 53. Nb2 Bc2 54. Na4 Bd3 55. Nb2 Bc4 56. Nd1 Kg6 57. Nb2 f6 58. Na4 Kf7 59. Nb2 g6 60. Na4 Kg7 61. Kg3 g5 62. Nb2 Kg6 63. Na4 Kf5 64. Nb2 gxh4+ 65. Kxh4 Kf4 66. Kxh5 Kxf3 67. Kg6 Ke4 0-1

[Event "WchT Seniors 65"]
[Site "Prague"]
[Date "2020.03.08"]
[Round "3.20"]
[White "Fritsch, Juergen"]
[Black "McKerracher, Douglas"]
[Result "0-1"]
[WhiteElo "1793"]
[BlackElo "1852"]
[PlyCount "116"]
[EventDate "2020.03.06"]
[EventType "team-swiss"]
[EventRounds "7"]
[EventCountry "CZE"]
[SourceTitle "CBM 195 Extra"]
[Source "ChessBase"]
[SourceDate "2020.05.31"]
[SourceVersion "1"]
[SourceVersionDate "2020.05.31"]
[SourceQuality "1"]
[WhiteTeam "Germany 65 XI"]
[BlackTeam "Scotland 65"]
[WhiteTeamCountry "GER"]
[BlackTeamCountry "SCO"]

1. e4 d5 2. exd5 Qxd5 3. Nf3 Bg4 4. Nc3 Qa5 5. Be2 Nc6 6. 0-0 Nf6 7. d3 e6 8. Bd2 Bb4 9. a3 Bxc3 10. Bxc3 Qb6 11. h3 Bxf3 12. Bxf3 0-0-0 13. a4 Nd4 14. a5 Nxf3+ 15. Qxf3 Qc6 16. Qxc6 bxc6 17. Ra4 Rhg8 18. a6 Nd5 19. Bd2 Nb6 20. Rh4 h6 21. Ra1 Rd7 22. Kf1 e5 23. f3 f6 24. Rb4 c5 25. Rb5 c4 26. Ke2 Rgd8 27. Ra3 cxd3+ 28. Rxd3 Rxd3 29. cxd3 Kd7 30. Be3 c6 31. Rb3 Kc7 32. f4 Rd5 33. fxe5 fxe5 34. Ra3 Rb5 35. b3 Kb8 36. Bxb6 axb6 37. Ke3 Ka7 38. Ke4 g6 39. g4 Rd5 40. b4 Rb5 41. Ra4 Rd5 42. h4 Rd4+ 43. Kxe5 Rxd3 44. g5 hxg5 45. hxg5 Rf3 46. Kd6 Rc3 47. Kc7 Rc4 48. Ra2 Rxb4 49. Kxc6 Rc4+ 50. Kd6 Rc5 51. Rg2 Kxa6 52. Rg4 Ka5 53. Ke6 b5 54. Kf6 Rc6+ 55. Kg7 b4 56. Rf4 b3 57. Rf6 Rc7+ 58. Kxg6 b2 0-1

[Event "MVP-ch Seniors op 19th"]
[Site "Ostseebad Binz"]
[Date "2019.12.01"]
[Round "5"]
[White "Fritsch, Juergen"]
[Black "Nuenchert, Reinhard"]
[Result "0-1"]
[WhiteElo "1747"]
[BlackElo "1938"]
[PlyCount "84"]
[EventDate "2019.11.27"]
[EventType "swiss"]
[EventRounds "9"]
[EventCountry "GER"]
[SourceTitle "EXT 2021"]
[Source "ChessBase"]
[SourceDate "2020.10.23"]
[SourceVersion "1"]
[SourceVersionDate "2020.10.23"]
[SourceQuality "1"]

1. e4 d6 2. Bc4 Nf6 3. d3 g6 4. Nc3 Bg7 5. Nge2 0-0 6. 0-0 c6 7. a3 e5 8. Bg5 h6 9. Bh4 Qc7 10. Qc1 Kh7 11. f3 Nbd7 12. Bf2 Nb6 13. Ba2 d5 14. exd5 Nfxd5 15. Nxd5 cxd5 16. c3 Be6 17. d4 Nc4 18. Bg3 Qb6 19. Bxc4 dxc4 20. Bf2 Qc7 21. Bg3 Bf5 22. dxe5 Bxe5 23. Bxe5 Qxe5 24. Nd4 Qc5 25. Rf2 Bd3 26. Qd2 Rae8 27. b4 Qe5 28. g3 Re7 29. Kg2 Rfe8 30. a4 f5 31. a5 Qd5 32. h4 Re3 33. Rg1 a6 34. Kh2 Qd8 35. f4 Qf6 36. Rgg2 g5 37. fxg5 hxg5 38. Nf3 gxh4 39. Nxh4 Qg5 40. Nf3 Qg4 41. Nd4 Qh5+ 42. Kg1 Re1+ 0-1

[Event "MVP-ch Seniors op 19th"]
[Site "Ostseebad Binz"]
[Date "2019.11.29"]
[Round "3"]
[White "Fritsch, Juergen"]
[Black "Thieme, Wolfgang"]
[Result "1/2-1/2"]
[WhiteElo "1747"]
[BlackElo "1916"]
[PlyCount "42"]
[EventDate "2019.11.27"]
[EventType "swiss"]
[EventRounds "9"]
[EventCountry "GER"]
[SourceTitle "EXT 2021"]
[Source "ChessBase"]
[SourceDate "2020.10.23"]
[SourceVersion "1"]
[SourceVersionDate "2020.10.23"]
[SourceQuality "1"]

1. d4 Nf6 2. Bg5 g6 3. Nd2 Bg7 4. e4 d6 5. c3 0-0 6. Ngf3 Nbd7 7. Bc4 c6 8. Bb3 Qc7 9. 0-0 e5 10. Rc1 Re8 11. Re1 Nf8 12. h3 Be6 13. Bxf6 Bxf6 14. d5 Bd7 15. Nc4 c5 16. Ne3 Qc8 17. Kh2 g5 18. Ng1 Ng6 19. g3 Bg7 20. Qf3 Ne7 21. Bc2 f6 1/2-1/2

[Event "GER-ch Seniors 65 31st"]
[Site "Radebeul"]
[Date "2019.04.26"]
[Round "1"]
[White "Hanisch, Friedrich"]
[Black "Fritsch, Juergen"]
[Result "1-0"]
[WhiteElo "2095"]
[BlackElo "1751"]
[PlyCount "78"]
[EventDate "2019.04.26"]
[EventType "swiss"]
[EventRounds "9"]
[EventCountry "GER"]
[SourceTitle "CBM 190 Extra"]
[Source "ChessBase"]
[SourceDate "2019.07.15"]
[SourceVersion "1"]
[SourceVersionDate "2019.07.15"]
[SourceQuality "1"]

1. d4 d5 2. c4 c6 3. cxd5 cxd5 4. Bf4 Nf6 5. Nc3 e6 6. e3 Bd7 7. Bd3 Nc6 8. Rc1 a6 9. Nf3 Nh5 10. Be5 f5 11. h3 Nf6 12. a3 Be7 13. 0-0 0-0 14. Bh2 Ne4 15. Ne1 Bg5 16. f4 Bh4 17. Bxe4 fxe4 18. g3 Be7 19. g4 Na5 20. Ng2 Nc4 21. Qe2 Rc8 22. Rfe1 b5 23. Nb1 a5 24. Rc2 b4 25. axb4 axb4 26. b3 Na3 27. Rxc8 Qxc8 28. Qb2 Nb5 29. Rc1 Qa6 30. Bg3 Ra8 31. Ne1 Qa2 32. Qc2 Qa1 33. Nd2 Ra2 34. Rxa1 Rxc2 35. Nxc2 Kf7 36. Be1 g5 37. fxg5 Bxg5 38. Nf1 Nc3 39. Nxb4 Bb5 1-0

[Event "MVP-ch Seniors op 18th"]
[Site "Ostseebad Binz"]
[Date "2018.12.03"]
[Round "6"]
[White "Hondema, Evert C"]
[Black "Fritsch, Juergen"]
[Result "1-0"]
[WhiteElo "1915"]
[BlackElo "1750"]
[PlyCount "155"]
[EventDate "2018.11.28"]
[EventType "swiss"]
[EventRounds "9"]
[EventCountry "GER"]
[SourceTitle "CBM 188 Extra"]
[Source "ChessBase"]
[SourceDate "2019.02.26"]
[SourceVersion "1"]
[SourceVersionDate "2019.02.26"]
[SourceQuality "1"]

1. d4 d5 2. Nf3 Bf5 3. Bf4 e6 4. e3 Nd7 5. Bd3 c6 6. a3 Qb6 7. Nc3 Ngf6 8. Bxf5 exf5 9. 0-0 Be7 10. Ne5 0-0 11. Qd3 g6 12. b4 a6 13. Rfb1 Rfc8 14. h3 Qd8 15. Na4 b5 16. Nc3 Nb6 17. Ne2 Nh5 18. Bh2 f6 19. Nf3 Nc4 20. Nd2 Nxd2 21. Qxd2 Ng7 22. Nc1 a5 23. Nd3 a4 24. Nf4 Kf7 25. Re1 Ne8 26. Nd3 Nd6 27. Bxd6 Bxd6 28. Re2 Qc7 29. Qc3 Re8 30. Rae1 Re7 31. Kf1 Rae8 32. Nc5 Qc8 33. Nd3 Bb8 34. Nc5 Qc7 35. g3 Qb6 36. Kg2 Bd6 37. Nd3 Qc7 38. Qd2 h5 39. h4 Kg7 40. Nf4 Rh8 41. Rh1 Rhe8 42. Rhe1 Qb8 43. Nh3 Qc7 44. Qd3 Re6 45. Ng1 Re4 46. Nf3 R8e7 47. Nd2 R4e6 48. Nf1 Re8 49. f3 Rh8 50. e4 fxe4 51. fxe4 Rhe8 52. exd5 Rxe2+ 53. Rxe2 Rxe2+ 54. Qxe2 cxd5 55. Qxb5 Qxc2+ 56. Kg1 Qc7 57. Qxd5 Bxg3 58. Qc5 Kf7 59. Qd5+ Kf8 60. Qe4 f5 61. Qe6 Qd6 62. Qc8+ Kf7 63. Qc4+ Kf6 64. d5 Bxh4 65. Qxh4+ g5 66. Qd4+ Qe5 67. Qb6+ Ke7 68. Qc5+ Kd7 69. b5 f4 70. b6 Qd6 71. Qb5+ Kc8 72. Qa6+ Kd8 73. Qa8+ Ke7 74. Qc6 Qxa3 75. b7 Qb2 76. d6+ Kf7 77. Qd5+ Kg7 78. Qxg5+ 1-0

[Event "MVP-ch Seniors op 18th"]
[Site "Ostseebad Binz"]
[Date "2018.11.29"]
[Round "2"]
[White "Lewald, Stephan"]
[Black "Fritsch, Juergen"]
[Result "1/2-1/2"]
[WhiteElo "1941"]
[BlackElo "1750"]
[PlyCount "47"]
[EventDate "2018.11.28"]
[EventType "swiss"]
[EventRounds "9"]
[EventCountry "GER"]
[SourceTitle "CBM 188 Extra"]
[Source "ChessBase"]
[SourceDate "2019.02.26"]
[SourceVersion "1"]
[SourceVersionDate "2019.02.26"]
[SourceQuality "1"]

1. e4 e5 2. Nf3 Nc6 3. d4 exd4 4. Bc4 Bb4+ 5. c3 dxc3 6. Nxc3 Nf6 7. 0-0 0-0 8. e5 Bxc3 9. bxc3 d5 10. exd6 Qxd6 11. Qxd6 cxd6 12. Ba3 Ne4 13. Bd5 Nxc3 14. Bxc6 bxc6 15. Bxd6 Ba6 16. Bxf8 Bxf1 17. Bxg7 Bxg2 18. Ne5 Kxg7 19. Kxg2 Rc8 20. Rc1 f6 21. Nd3 Nd5 22. Nc5 Kf7 23. Rb1 Ke7 24. Kf3 1/2-1/2

[Event "GER-ch Seniors 65"]
[Site "Hamburg"]
[Date "2018.07.22"]
[Round "2"]
[White "Steffens, Heinrich"]
[Black "Fritsch, Juergen"]
[Result "0-1"]
[WhiteElo "1606"]
[BlackElo "1778"]
[PlyCount "72"]
[EventDate "2018.07.21"]
[EventType "swiss"]
[EventRounds "9"]
[EventCountry "GER"]
[SourceTitle "CBM 186 Extra"]
[Source "ChessBase"]
[SourceDate "2018.08.24"]
[SourceVersion "1"]
[SourceVersionDate "2018.08.24"]
[SourceQuality "1"]

1. d4 d5 2. c4 c6 3. Nf3 Nf6 4. Nc3 g6 5. Bg5 Bg7 6. e3 0-0 7. cxd5 cxd5 8. Rc1 Nc6 9. Be2 Be6 10. 0-0 h6 11. Bh4 Nd7 12. Bg3 Nb6 13. a3 Rc8 14. Nd2 f5 15. Nb3 Nd7 16. h4 Bf7 17. h5 g5 18. Bb5 a6 19. Bxc6 Rxc6 20. Qd3 e6 21. Na4 Bxh5 22. Rxc6 bxc6 23. Rc1 f4 24. exf4 gxf4 25. Bh2 e5 26. Qh3 Qe8 27. Nac5 Nxc5 28. Nxc5 Bf7 29. dxe5 Qxe5 30. Nd7 Qxb2 31. Bxf4 Re8 32. Rxc6 Re1+ 33. Kh2 Qxf2 34. Rc8+ Be8 35. Rc1 Qxf4+ 36. g3 Re2+ 0-1

[Event "MVP-ch Seniors op 17th"]
[Site "Binz"]
[Date "2017.12.03"]
[Round "5.36"]
[White "Nauschuetz, Ernst"]
[Black "Fritsch, Juergen"]
[Result "1-0"]
[WhiteElo "1968"]
[BlackElo "1849"]
[PlyCount "141"]
[EventDate "2017.11.29"]
[EventType "swiss"]
[EventRounds "9"]
[EventCountry "GER"]
[SourceTitle "EXT 2019"]
[Source "ChessBase"]
[SourceDate "2018.10.10"]
[SourceVersion "1"]
[SourceVersionDate "2018.10.10"]
[SourceQuality "1"]

1. c4 e5 2. g3 Bc5 3. Nc3 Nf6 4. Bg2 0-0 5. Nf3 d6 6. 0-0 c6 7. a3 Nbd7 8. Na4 a6 9. b4 Ba7 10. d3 b5 11. cxb5 axb5 12. Nc3 Qb6 13. Be3 Qb7 14. d4 e4 15. Nd2 d5 16. Nb3 Bb6 17. f3 exf3 18. exf3 Bc7 19. Qd2 Qb8 20. Ra2 Nb6 21. Na5 Bd7 22. Bg5 Nh5 23. Ne2 g6 24. Rc1 Rxa5 25. bxa5 Nc4 26. Qd1 Bxa5 27. g4 Ng7 28. Qd3 Ne6 29. Bh4 Kg7 30. Bg3 Qa7 31. Bf2 Bc7 32. Rca1 Qb8 33. Bg3 Nb6 34. Bxc7 Qxc7 35. Qd2 Qd6 36. Qb4 Qb8 37. Bf1 Ng5 38. Bg2 h5 39. h4 Ne6 40. g5 Nf4 41. Qe1 Re8 42. Qf2 Nd3 43. Qg3 Qxg3 44. Nxg3 Re3 45. Re2 Nc4 46. Rxe3 Nxe3 47. Bf1 Nf4 48. Kf2 Nc2 49. Ra2 Nxd4 50. Ke3 Nde6 51. Ne2 Nxe2 52. Rxe2 c5 53. Bh3 d4+ 54. Kd2 f5 55. gxf6+ Kxf6 56. Bxe6 Bxe6 57. Rg2 Bf5 58. Kc1 Ke5 59. Rb2 Bd7 60. Rg2 Kd5 61. Rxg6 Kc4 62. Rg5 Bc6 63. f4 Bf3 64. Kd2 b4 65. axb4 Kxb4 66. f5 Bd5 67. f6 Bb3 68. Rg7 c4 69. Rb7+ Ka3 70. f7 c3+ 71. Kd3 1-0

[Event "MVP-ch Seniors op 17th"]
[Site "Binz"]
[Date "2017.12.02"]
[Round "4.33"]
[White "Fritsch, Juergen"]
[Black "Tuertmann, Dieter"]
[Result "1/2-1/2"]
[WhiteElo "1849"]
[BlackElo "1956"]
[PlyCount "77"]
[EventDate "2017.11.29"]
[EventType "swiss"]
[EventRounds "9"]
[EventCountry "GER"]
[SourceTitle "EXT 2019"]
[Source "ChessBase"]
[SourceDate "2018.10.10"]
[SourceVersion "1"]
[SourceVersionDate "2018.10.10"]
[SourceQuality "1"]

1. e4 e6 2. c4 c5 3. Nc3 Nc6 4. Nf3 a6 5. d4 cxd4 6. Nxd4 d6 7. Be3 Be7 8. Be2 Nxd4 9. Bxd4 e5 10. Be3 Nf6 11. f3 0-0 12. 0-0 Bd7 13. Nd5 Nxd5 14. cxd5 f5 15. exf5 Bxf5 16. Qd2 Rc8 17. Rac1 Qd7 18. Rxc8 Rxc8 19. Rc1 Bd8 20. g4 Rxc1+ 21. Qxc1 Bg6 22. Kg2 Bf7 23. Bc4 b5 24. Bb3 Qb7 25. Qd1 Bb6 26. Bxb6 Qxb6 27. Qc2 Qb8 28. Qd2 Qc7 29. Qc3 Qxc3 30. bxc3 Kf8 31. h4 Ke7 32. f4 Be8 33. Kf3 h6 34. Ke4 Bg6+ 35. f5 Be8 36. g5 hxg5 37. hxg5 Bd7 38. a3 a5 39. Bd1 1/2-1/2

[Event "MVP-ch Seniors op 17th"]
[Site "Binz"]
[Date "2017.12.01"]
[Round "3.36"]
[White "Hassenrueck, Helmut"]
[Black "Fritsch, Juergen"]
[Result "0-1"]
[WhiteElo "2173"]
[BlackElo "1849"]
[PlyCount "100"]
[EventDate "2017.11.29"]
[EventType "swiss"]
[EventRounds "9"]
[EventCountry "GER"]
[SourceTitle "EXT 2019"]
[Source "ChessBase"]
[SourceDate "2018.10.10"]
[SourceVersion "1"]
[SourceVersionDate "2018.10.10"]
[SourceQuality "1"]

1. d4 d5 2. Nf3 Bf5 3. c4 e6 4. Nc3 c6 5. Qb3 Qb6 6. c5 Qxb3 7. axb3 f6 8. b4 Ne7 9. Bf4 Nc8 10. e3 g5 11. Bg3 h5 12. h4 g4 13. Nd2 Bg7 14. b5 e5 15. Nb3 Bd7 16. f3 Kd8 17. b6 Ke7 18. Bd3 Ke6 19. Ke2 f5 20. dxe5 Bxe5 21. Nd4+ Bxd4 22. exd4 a6 23. fxg4 hxg4 24. Rhf1 Ne7 25. Kd2 Rh5 26. Rae1+ Kf7 27. Be2 Ke8 28. Bd6 Rxh4 29. Bxe7 Kxe7 30. Bxg4+ Kf6 31. Be2 Rxd4+ 32. Bd3 Be6 33. Ne2 Rxd3+ 34. Kxd3 Nd7 35. b4 Rg8 36. Nf4 Bf7 37. Kd4 Rg4 38. Re3 Nf8 39. Kd3 Nh7 40. Rh3 Ng5 41. Rh8 Rg3+ 42. Kc2 d4 43. Rb8 Rc3+ 44. Kd1 Bb3+ 45. Ke1 Ne4 46. Rf8+ Kg7 47. Rb8 Re3+ 48. Ne2 d3 49. Rxb7+ Kg6 50. Rf3 d2+ 0-1

[Event "MVP-ch Seniors op 16th"]
[Site "Binz"]
[Date "2016.11.24"]
[Round "2.66"]
[White "Farel, Edgard"]
[Black "Fritsch, Juergen"]
[Result "1-0"]
[WhiteElo "1628"]
[BlackElo "1845"]
[PlyCount "59"]
[EventDate "2016.11.23"]
[EventType "swiss"]
[EventRounds "9"]
[EventCountry "GER"]
[SourceTitle "EXT 2018"]
[Source "ChessBase"]
[SourceDate "2017.10.13"]
[SourceVersion "1"]
[SourceVersionDate "2017.10.13"]
[SourceQuality "1"]

1. e4 e5 2. Nf3 Nc6 3. Bb5 g6 4. d3 Bg7 5. Nc3 Nge7 6. Bg5 f6 7. Bd2 0-0 8. Bc4+ Kh8 9. a3 d6 10. h3 f5 11. exf5 Nxf5 12. 0-0 Ncd4 13. Nxd4 Nxd4 14. Ne2 Ne6 15. c3 c6 16. Ng3 d5 17. Bb3 Nf4 18. Bc2 Qh4 19. Qe1 Bd7 20. f3 Rae8 21. Nh1 Qd8 22. Ng3 Qb6+ 23. Kh2 Qxb2 24. Qc1 Qxc1 25. Raxc1 b5 26. Rfe1 c5 27. Bb1 a6 28. c4 dxc4 29. dxc4 Nd3 30. Bxd3 1-0

[Event "MVP-ch Seniors op 16th"]
[Site "Binz"]
[Date "2016.11.23"]
[Round "1.12"]
[White "Fritsch, Juergen"]
[Black "Liebscher, Helmar"]
[Result "0-1"]
[WhiteElo "1845"]
[BlackElo "2100"]
[PlyCount "80"]
[EventDate "2016.11.23"]
[EventType "swiss"]
[EventRounds "9"]
[EventCountry "GER"]
[SourceTitle "EXT 2018"]
[Source "ChessBase"]
[SourceDate "2017.10.13"]
[SourceVersion "1"]
[SourceVersionDate "2017.10.13"]
[SourceQuality "1"]

1. e4 e5 2. Nf3 Nc6 3. Bb5 a6 4. Bxc6 dxc6 5. d3 f6 6. Be3 Bd6 7. Nbd2 b5 8. Nb3 Ne7 9. Nfd2 Ng6 10. Qh5 0-0 11. h3 Qe7 12. Qe2 Be6 13. f3 Nf4 14. Qf2 a5 15. a4 b4 16. g4 Qf7 17. Bxf4 exf4 18. d4 Rfe8 19. 0-0 g5 20. Nc1 h5 21. b3 Qh7 22. Ne2 Kf7 23. Qg2 Rh8 24. Rf2 Rag8 25. Kf1 Rg6 26. Ng1 Bc8 27. Ke1 Ba6 28. Nc4 hxg4 29. fxg4 Bxc4 30. bxc4 c5 31. dxc5 Bxc5 32. Rd2 Qh4+ 33. Ke2 Bxg1 34. Rxg1 Qxh3 35. Qxh3 Rxh3 36. Rd7+ Ke6 37. Rxc7 Rgh6 38. Rc5 Rc3 39. Rxa5 Rh2+ 40. Kd1 Ra3 0-1

[Event "Schleswig Holstein-ch Seniors op 10th"]
[Site "Buesum"]
[Date "2016.09.29"]
[Round "4"]
[White "Lehr, Thomas"]
[Black "Fritsch, Juergen"]
[Result "0-1"]
[WhiteElo "1957"]
[BlackElo "1811"]
[PlyCount "54"]
[EventDate "2016.09.26"]
[EventType "swiss"]
[EventRounds "9"]
[EventCountry "GER"]
[SourceTitle "EXT 2019"]
[Source "ChessBase"]
[SourceDate "2018.10.10"]
[SourceVersion "1"]
[SourceVersionDate "2018.10.10"]
[SourceQuality "1"]

1. e4 e5 2. Nf3 Nc6 3. c3 g6 4. d3 Bg7 5. Be2 Nge7 6. h4 d6 7. h5 0-0 8. hxg6 hxg6 9. Bg5 Be6 10. Qd2 f6 11. Bh6 Bxh6 12. Qxh6 Kf7 13. Qh7+ Ke8 14. Nbd2 Rf7 15. Qh6 Kd7 16. 0-0-0 Qf8 17. d4 Qxh6 18. Rxh6 exd4 19. cxd4 d5 20. Rdh1 dxe4 21. Nxe4 b6 22. a3 Bf5 23. Nc3 Na5 24. b4 Nb7 25. Bc4 Rg7 26. Nh4 Nd6 27. Nxf5 Nexf5 0-1

[Event "GER-chA Seniors 28th"]
[Site "Niederhausen"]
[Date "2016.08.18"]
[Round "6"]
[White "Gerhards, Walter"]
[Black "Fritsch, Juergen"]
[Result "1-0"]
[WhiteElo "1916"]
[BlackElo "1844"]
[PlyCount "105"]
[EventDate "2016.08.13"]
[EventType "swiss"]
[EventRounds "9"]
[EventCountry "GER"]
[SourceTitle "EXT 2019"]
[Source "ChessBase"]
[SourceDate "2018.10.10"]
[SourceVersion "1"]
[SourceVersionDate "2018.10.10"]
[SourceQuality "1"]

1. e4 e5 2. Nf3 Nc6 3. Bb5 g6 4. 0-0 Bg7 5. d3 Nge7 6. Nc3 0-0 7. Bg5 h6 8. Be3 a6 9. Bc4 b5 10. Bb3 Na5 11. Ne2 Nxb3 12. axb3 d6 13. Qd2 Kh7 14. Rfd1 f5 15. Qe1 Bb7 16. Nc3 b4 17. Nd5 Nxd5 18. exd5 a5 19. c4 f4 20. Bc1 Bc8 21. Nd2 Bg4 22. f3 Bh5 23. Ne4 g5 24. Qe2 Bg6 25. Bd2 Bf6 26. Be1 Be7 27. Bf2 Re8 28. Ra4 Ra6 29. Rda1 Qa8 30. d4 exd4 31. Bxd4 c5 32. Bf6 Bd8 33. Bxd8 Qxd8 34. h3 Kg7 35. Qd3 Ra7 36. Re1 Rae7 37. Re2 h5 38. Ra1 Re5 39. Rae1 Qe7 40. Qb1 Bf5 41. Qa1 g4 42. Qc1 gxf3 43. gxf3 Bxe4 44. Rxe4 Rxe4 45. fxe4 Qg5+ 46. Kh1 Kf6 47. Rg1 Qh4 48. Qf1 Rxe4 49. Qg2 Re1 50. Qg7+ Kf5 51. Qg6+ Ke5 52. Qe6+ Kd4 53. Rxe1 1-0

[Event "Hessen-ch Seniors op 12th"]
[Site "Bad Sooden-Allendorf"]
[Date "2016.05.08"]
[Round "8"]
[White "Fritsch, Juergen"]
[Black "Tuertmann, Dieter"]
[Result "0-1"]
[WhiteElo "1850"]
[BlackElo "1989"]
[PlyCount "94"]
[EventDate "2016.04.30"]
[EventType "swiss"]
[EventRounds "9"]
[EventCountry "GER"]
[SourceTitle "EXT 2019"]
[Source "ChessBase"]
[SourceDate "2018.10.10"]
[SourceVersion "1"]
[SourceVersionDate "2018.10.10"]
[SourceQuality "1"]

1. e4 e6 2. Nc3 c5 3. Nf3 a6 4. d3 Nc6 5. Bf4 d6 6. Be2 Be7 7. 0-0 Nf6 8. h3 0-0 9. e5 dxe5 10. Nxe5 Nxe5 11. Bxe5 Nd5 12. Bf3 f6 13. Bh2 Bd6 14. Bxd6 Nxc3 15. bxc3 Qxd6 16. Rb1 Rb8 17. Qe2 b5 18. Rfd1 e5 19. c4 Be6 20. cxb5 axb5 21. c4 b4 22. Qb2 Rb6 23. Qb3 Rfb8 24. Bd5 Ra6 25. Bxe6+ Qxe6 26. Qc2 Qd6 27. Qe2 g6 28. Rd2 Kg7 29. Qe3 Ra3 30. Kf1 Rd8 31. Ke2 Qc7 32. Rb3 Ra7 33. g3 Rd4 34. f3 Qd6 35. Kf2 Rd7 36. Ke2 f5 37. a3 bxa3 38. Rxa3 Re7 39. Rda2 e4 40. Ra7 exd3+ 41. Kd2 Rc7 42. R2a6 Qxg3 43. Kc3 d2 44. Rxc7+ Qxc7 45. Qg5 d1Q 46. Qf6+ Kg8 47. Ra8+ Rd8 0-1

[Event "Hessen-ch Seniors op 12th"]
[Site "Bad Sooden-Allendorf"]
[Date "2016.05.01"]
[Round "2"]
[White "Fritsch, Juergen"]
[Black "Buss, Richard"]
[Result "1-0"]
[WhiteElo "1850"]
[BlackElo "1618"]
[PlyCount "89"]
[EventDate "2016.04.30"]
[EventType "swiss"]
[EventRounds "9"]
[EventCountry "GER"]
[SourceTitle "EXT 2019"]
[Source "ChessBase"]
[SourceDate "2018.10.10"]
[SourceVersion "1"]
[SourceVersionDate "2018.10.10"]
[SourceQuality "1"]

1. d4 d5 2. Nf3 Nc6 3. Bf4 e6 4. e3 a6 5. c3 Bd6 6. Nbd2 Bxf4 7. exf4 Nge7 8. Bd3 0-0 9. 0-0 Ng6 10. g3 Re8 11. Re1 Nce7 12. Qc2 c6 13. Ne5 f6 14. Nxg6 Nxg6 15. Bxg6 hxg6 16. Qxg6 Rf8 17. Nf3 Bd7 18. Qc2 Qc7 19. Re3 Rae8 20. Rae1 Qc8 21. Nh4 f5 22. Nf3 Qd8 23. b4 Rf6 24. Ne5 Bc8 25. h4 Rh6 26. Nf3 Qd6 27. Re5 Qd8 28. Qxf5 Rf6 29. Qg4 Ref8 30. Ng5 Qd6 31. Qe2 g6 32. Qc2 Kg7 33. h5 Rh8 34. hxg6 Rxg6 35. Kg2 Rf6 36. Rh1 Rxh1 37. Kxh1 Rg6 38. Kg2 Qf8 39. Qe2 Qd6 40. Qh5 Kf6 41. Qh8+ Rg7 42. Qxc8 Re7 43. Qf8+ Kg6 44. Nf3 Qd7 45. Nh4+ 1-0